| 000 -LEADER |
| fixed length control field |
01582cim a2200433 a 4500 |
| 001 - CONTROL NUMBER |
| control field |
17668242 |
| 003 - CONTROL NUMBER IDENTIFIER |
| control field |
OSt |
| 005 - DATE AND TIME OF LATEST TRANSACTION |
| control field |
20251128102614.0 |
| 007 - PHYSICAL DESCRIPTION FIXED FIELD--GENERAL INFORMATION |
| fixed length control field |
sd fsngnnmmned |
| 008 - FIXED-LENGTH DATA ELEMENTS--GENERAL INFORMATION |
| fixed length control field |
130321s2010 mdunnn|d f | eng |
| 010 ## - LIBRARY OF CONGRESS CONTROL NUMBER |
| LC control number |
2013617785 |
| 020 ## - INTERNATIONAL STANDARD BOOK NUMBER |
| International Standard Book Number |
9781440754548 |
| 028 02 - PUBLISHER NUMBER |
| Publisher number |
C5115 |
| Source |
Recorded Books |
| 035 ## - SYSTEM CONTROL NUMBER |
| System control number |
17668242 |
| 040 ## - CATALOGING SOURCE |
| Original cataloging agency |
DLC |
| Transcribing agency |
DLC |
| Modifying agency |
DLC |
| 050 00 - LIBRARY OF CONGRESS CALL NUMBER |
| Classification number |
RZC 1989.H67 2015 |
| 100 1# - MAIN ENTRY--PERSONAL NAME |
| Personal name |
Horowitz, Anthony, |
| Dates associated with a name |
1955- |
| 245 10 - TITLE STATEMENT |
| Title |
Crocodile tears |
| Statement of responsibility, etc |
by Anthony Horowitz. |
| 260 ## - PUBLICATION, DISTRIBUTION, ETC. (IMPRINT) |
| Place of publication, distribution, etc |
Prince Frederick, MD : |
| Name of publisher, distributor, etc |
Recorded Books, |
| Date of publication, distribution, etc |
p2010. |
| 300 ## - PHYSICAL DESCRIPTION |
| Extent |
9 sound discs (9 hr., 45 min.) : |
| Other physical details |
digital ; |
| Dimensions |
4 3/4 in. |
| 306 ## - PLAYING TIME |
| Playing time |
094500 |
| 500 ## - GENERAL NOTE |
| General note |
Unabridged. |
| 500 ## - GENERAL NOTE |
| General note |
Compact discs. |
| 500 ## - GENERAL NOTE |
| General note |
In container (17 x 18 cm.). |
| 511 0# - PARTICIPANT OR PERFORMER NOTE |
| Participant or performer note |
Narrated by Simon Prebble. |
| 520 ## - SUMMARY, ETC. |
| Summary, etc |
Alex Rider does battle with a charity broker con artist who has invested millions of dollars in a form of genetically modified corn that can release an airborne strain of virus capable of knocking out an entire country in one day. |
| 521 1# - TARGET AUDIENCE NOTE |
| Target audience note |
Ages 12 and up. |
| 600 10 - SUBJECT ADDED ENTRY--PERSONAL NAME |
| Personal name |
Rider, Alex |
| Titles and other words associated with a name |
(Fictitious character) |
| Form subdivision |
Juvenile fiction. |
| 650 #0 - SUBJECT ADDED ENTRY--TOPICAL TERM |
| Topical term or geographic name as entry element |
Charities |
| Form subdivision |
Juvenile fiction. |
| 650 #0 - SUBJECT ADDED ENTRY--TOPICAL TERM |
| Topical term or geographic name as entry element |
Genetically modified foods |
| Form subdivision |
Juvenile fiction. |
| 655 #0 - INDEX TERM--GENRE/FORM |
| Genre/form data or focus term |
Adventure stories. |
| 655 #0 - INDEX TERM--GENRE/FORM |
| Genre/form data or focus term |
Spy stories. |
| 655 #7 - INDEX TERM--GENRE/FORM |
| Genre/form data or focus term |
Fiction. |
| Source of term |
lcgft |
| 700 1# - ADDED ENTRY--PERSONAL NAME |
| Personal name |
Prebble, Simon. |
| Relator code |
nrt |
| 906 ## - LOCAL DATA ELEMENT F, LDF (RLIN) |
| a |
7 |
| b |
cbc |
| c |
orignew |
| d |
3 |
| e |
ncip |
| f |
20 |
| g |
y-soundrec |
| 942 ## - ADDED ENTRY ELEMENTS (KOHA) |
| Source of classification or shelving scheme |
|
| Koha item type |
Fiction and Non- Fiction novels |